Selected Pages From Admiralty Tide Tables, Volumes 1, 2 and 3 / (Record no. 1515)

000 -LEADER
fixed length control field 00735nam a2200217Ia 4500
007 - PHYSICAL DESCRIPTION FIXED FIELD--GENERAL INFORMATION
fixed length control field ta
008 - FIXED-LENGTH DATA ELEMENTS--GENERAL INFORMATION
fixed length control field 190719t1991 xxk||||g||||||||| ||und||
040 ## - CATALOGING SOURCE
Original cataloging agency IMU Kochi Library
Language of cataloging eng
041 0# - LANGUAGE CODE
Language code of text/sound track or separate title eng
044 ## - COUNTRY OF PUBLISHING/PRODUCING ENTITY CODE
MARC country code United Kingdom
082 04 - DEWEY DECIMAL CLASSIFICATION NUMBER
Classification number 623.8949091638
Item number Un314
Edition number 23
110 ## - MAIN ENTRY--CORPORATE NAME
Corporate name or jurisdiction name as entry element Great Britain.
Subordinate unit Hydrographic Office
245 #0 - TITLE STATEMENT
Title Selected Pages From Admiralty Tide Tables, Volumes 1, 2 and 3 /
260 ## - PUBLICATION, DISTRIBUTION, ETC. (IMPRINT)
Place of publication, distribution, etc Taunton :
Name of publisher, distributor, etc United Kingdom Hydrographic Office ,
Date of publication, distribution, etc 1991.
300 ## - PHYSICAL DESCRIPTION
Extent 3V ;
Dimensions 28 cm.
505 0# - FORMATTED CONTENTS NOTE
Formatted contents note Volume 1. European Waters including Mediterranean Sea-- Volume 2. Index to Standard Ports-- Volume 3. Index to Standard Ports
650 ## - SUBJECT ADDED ENTRY--TOPICAL TERM
Topical term or geographic name as entry element Tides
Form subdivision Tables
852 ## - LOCATION/CALL NUMBER
Location IMU Kochi Library
904 ## - LOCAL DATA ELEMENT D, LDD (RLIN)
CATALOGER Akhil Bose
942 ## - ADDED ENTRY ELEMENTS (KOHA)
Item type Books
Holdings
Withdrawn status Lost status Source of classification or shelving scheme Damaged status Not for loan Collection code Permanent location Current location Shelving location Date acquired Source of acquisition Total Checkouts Full call number Barcode Date last seen Date last borrowed Koha item type Public note Cost, normal purchase price
          Admiralty Publication IMU Kochi Library IMU Kochi Library Reference 2012-11-02 Bought Earlier 6 623.8949091638 Un314 BK000533 2025-09-15 2025-09-12 Books Shelf-4, Row-2  
          Nautical Science IMU Kochi Library IMU Kochi Library General Stacks 2023-01-12 M/S Sterling Book House (INV/5860 Dt. 2023-01-03) 3 623.8949091638 Un314 BK005847 2026-03-16 2026-03-13 Books Gen. Shelf-14, Row-6 220.00
          Nautical Science IMU Kochi Library IMU Kochi Library General Stacks 2023-01-12 M/S Sterling Book House (INV/5860 Dt. 2023-01-03)   623.8949091638 Un314 BK005848 2023-04-25   Books Gen. Shelf-14, Row-6 220.00
          Nautical Science IMU Kochi Library IMU Kochi Library General Stacks 2023-01-12 M/S Sterling Book House (INV/5860 Dt. 2023-01-03) 1 623.8949091638 Un314 BK005849 2026-03-25 2026-03-16 Books Gen. Shelf-14, Row-6 220.00
          Nautical Science IMU Kochi Library IMU Kochi Library General Stacks 2023-01-12 M/S Sterling Book House (INV/5860 Dt. 2023-01-03)   623.8949091638 Un314 BK005850 2023-04-25   Books   220.00


Copyright © All Rights Reserved by Indian Maritime University, Kochi Campus.
For any Suggestions/Query Contact to library or Email: library.kochi@imu.ac.in Ph:(0484)-2989402
(Web OPAC Designed by Rudra Ranjan. Maintained by IMU Kochi Library)

Powered by Koha